[Event "Challenge"]
[Site "http://www.queenalice.com/game.php?id=851157"]
[Date "2010.10.27"]
[Round "-"]
[White "welf"]
[Black "student"]
[Result "0-1"]
[WhiteElo "1347"]
[BlackElo "1770"]

1. e4 e5 2. Nf3 d6 3. c3 Nf6 4. c4 Nc6 5. d3 Bd7 6. h3 Be7 7. Bg5 a5 8. Bxf6
Bxf6 9. Nc3 O-O 10. g4 Nd4 11. Nd2 c6 12. b3 Bg5 13. Ndb1 Qf6 14. Bg2 b5 15.
cxb5 cxb5 16. Nd5 Qd8 17. a4 Rc8 18. Na3 b4 19. Nc4 Be6 20. Ncb6 Nc2+ 21. Kf1
Nxa1 22. Nxc8 Qxc8 23. Qxa1 Bxd5 24. exd5 Qc2 25. h4 Qxd3+ 26. Kg1 Bf4 27. Qf1
Qxb3 28. Rh3 Qxa4 29. Be4 Qd7 30. Qg2 Rc8 31. Qf1 Qxg4+ 32. Rg3 Bxg3 33. fxg3
Qxg3+ 34. Qg2 Rc1# 0-1

[Event "Challenge"]
[Site "http://www.queenalice.com/game.php?id=851241"]
[Date "2010.10.27"]
[Round "-"]
[White "tiagotrevo"]
[Black "student"]
[Result "0-1"]
[WhiteElo "1273"]
[BlackElo "1770"]

1. e4 e5 2. Nf3 d6 3. Bd3 Nf6 4. c4 Nc6 5. a4 Be7 6. Na3 Bd7 7. b3 Nb4 8. Bc2
O-O 9. d3 c6 10. d4 exd4 11. Nxd4 Qb6 12. O-O Nxc2 13. Naxc2 Qxb3 14. Nxb3 Be6
15. e5 dxe5 16. Qe2 e4 17. Bb2 Bg4 18. f3 Bf5 19. Bxf6 Bxf6 20. Rad1 Rfe8 21. g4
exf3 22. Rxf3 Rxe2 23. Nb4 Bxg4 24. Rg3 h5 25. Nd5 cxd5 26. c5 Rb2 27. Rxd5 Re8
28. Kf1 Rxh2 29. Kg1 Ra2 30. Kh1 Re1+ 31. Rg1 Bf3# 0-1

[Event "Challenge"]
[Site "http://www.queenalice.com/game.php?id=854263"]
[Date "2010.11.3"]
[Round "-"]
[White "montelo"]
[Black "student"]
[Result "1-0"]
[WhiteElo "2141"]
[BlackElo "1779"]

1. e4 e5 2. Nf3 d6 3. c3 Nf6 4. g3 Nxe4 5. Qa4+ Nc6 6. Qxe4 d5 7. Qe3 e4 8. Bg2
Be7 9. Nd4 Bd7 10. Nxc6 O-O 11. Nxd8 1-0

[Event "Challenge"]
[Site "http://www.queenalice.com/game.php?id=854264"]
[Date "2010.11.3"]
[Round "-"]
[White "student"]
[Black "montelo"]
[Result "1-0"]
[WhiteElo "1770"]
[BlackElo "2139"]

1. e4 e5 2. Nf3 Qf6 3. d4 exd4 4. Nxd4 Bc5 5. c3 Bb6 6. b4 c5 7. Nf3 cxb4 8. Bb2
g5 9. Be2 g4 10. Nd4 Bxd4 11. Qxd4 Qxd4 12. cxd4 f6 13. Bxg4 h5 14. Bh3 Nc6 15.
O-O Na5 16. Nd2 b6 17. Rfc1 Bb7 18. Rc7 Rd8 19. d5 d6 20. Rac1 Rh6 21. Rg7 Kf8
22. Rcc7 h4 23. Be6 Rh8 24. Rcf7+ Ke8 25. Bd7+ Rxd7 26. Rxd7 Bc8 27. Rxa7 Kf8
28. Rgf7+ Ke8 29. Bxf6 Nxf6 30. Rxf6 Nb7 31. Ra8 Ke7 32. Rf3 Rg8 33. Rb3 Kd7 34.
Rxb4 Kc7 35. Ra6 Bh3 36. g3 hxg3 37. fxg3 Bd7 38. Raxb6 Nc5 39. Rb1 Ra8 40. R1b2
Na4 41. Rb7+ Kc8 42. R2b4 Nc5 43. R7b6 Rxa2 44. Rb2 Ra1+ 45. Kf2 Nd3+ 46. Ke3
Nxb2 47. Rxb2 Bh3 48. Nc4 Kc7 49. Rb6 Rc1 50. Rc6+ Kb8 51. Nxd6 Rxc6 52. dxc6
Kc7 53. e5 Kxc6 54. Kf4 Kd5 55. Nf5 Ke6 56. g4 Bf1 57. h4 Bb5 58. h5 Kf7 59. g5
Be8 60. g6+ Kg8 61. Kg5 Bd7 62. Kf6 Bxf5 63. Kxf5 Kg7 64. e6 Kf8 65. Kf6 Ke8 66.
e7 Kd7 67. h6 Ke8 68. h7 Kd7 69. Kf7 Kd6 70. g7 Kd5 71. h8=Q Ke4 72. e8=Q+ Kd5
73. Qh4 Kc5 74. Qe5+ Kc6 75. Qhf6+ Kd7 76. Qee7+ Kc8 77. g8=Q# 1-0

[Event "Challenge"]
[Site "http://www.queenalice.com/game.php?id=857604"]
[Date "2010.11.11"]
[Round "-"]
[White "student"]
[Black "tiagotrevo"]
[Result "1-0"]
[WhiteElo "1830"]
[BlackElo "1376"]

1. e4 e5 2. Nf3 f6 3. Bc4 Nh6 4. O-O c6 5. d4 d5 6. exd5 cxd5 7. Bb3 e4 8. Ne1
Bb4 9. Bxh6 gxh6 10. c3 Ba5 11. Qh5+ Kf8 12. Qxh6+ Kf7 13. Qh5+ Ke6 14. Nc2 b5
15. Ne3 Bb7 16. Qf5+ Ke7 17. Nxd5+ Kf7 18. Nxf6+ Kg7 19. Nh5+ Kh6 20. Ng3 Qh4
21. Nd2 Bc8 22. Qd5 Qf4 23. Ndxe4 Bd7 24. Qxa8 b4 25. Qxa7 Bc6 26. Qxa5 Bxe4 27.
Qh5+ Kg7 28. Rae1 Re8 29. Qxe8 Nc6 30. Rxe4 Qf6 31. Re6 Qf7 32. Qxc6 bxc3 33.
bxc3 Qxe6 34. Qxe6 h6 35. Qf7+ Kh8 36. Qg8# 1-0

[Event "Challenge"]
[Site "http://www.queenalice.com/game.php?id=861407"]
[Date "2010.11.20"]
[Round "-"]
[White "student"]
[Black "ATeixeira"]
[Result "0-1"]
[WhiteElo "1866"]
[BlackElo "1907"]

1. e4 e6 2. d4 d5 3. exd5 exd5 4. Nf3 Nf6 5. c3 Bg4 6. Be2 Nbd7 7. O-O Bd6 8.
Ne5 Bxe2 9. Qxe2 O-O 10. Bg5 Re8 11. f4 c5 12. Nd2 cxd4 13. cxd4 Qb6 14. Nb3
Nxe5 15. fxe5 Bxe5 16. Qf3 Bxd4+ 17. Nxd4 Qxd4+ 18. Kh1 Re6 19. b3 Rae8 20. h3
Qe4 21. Qf2 d4 22. Rad1 Rd8 23. Rfe1 Qg6 24. Bh4 Rxe1+ 25. Qxe1 Qe4 26. Bxf6
Qxe1+ 27. Rxe1 gxf6 28. Kg1 Kg7 29. Kf2 Rd7 30. Rd1 Kg6 31. Ke2 h5 32. Kd3 Kg5
33. Rf1 h4 34. Rf3 f5 35. a4 a5 36. Rf2 f4 37. Rf3 Kf5 38. Rf2 f6 39. Re2 Rd5
40. Kc4 Re5 41. Rd2 Re4 42. Kb5 Ke5 43. Kc4 d3+ 44. Kxd3 Rd4+ 45. Kc3 Rxd2 46.
Kxd2 Kd4 47. Kc2 Ke3 0-1

[Event "Challenge"]
[Site "http://www.queenalice.com/game.php?id=863055"]
[Date "2010.11.23"]
[Round "-"]
[White "ATeixeira"]
[Black "student"]
[Result "1-0"]
[WhiteElo "1930"]
[BlackElo "1830"]

1. e4 e5 2. Nf3 d6 3. d4 exd4 4. Qxd4 Nc6 5. Bb5 Bd7 6. Bxc6 Bxc6 7. c4 Nf6 8.
Nc3 Be7 9. O-O O-O 10. b4 a6 11. a4 Bd7 12. h3 h6 13. Bb2 b6 14. Nd5 c5 15. Qc3
Bc6 16. b5 Bxd5 17. exd5 Kh8 18. Nh4 Rg8 19. Rfe1 Ne4 20. Rxe4 Bxh4 21. Qe3 Bf6
22. Bxf6 Qxf6 23. Re1 axb5 24. axb5 Ra4 25. Qd3 Ra1 26. Rxa1 Qxa1+ 27. Kh2 Qb2
28. Qe2 Qc3 29. Re7 Qf6 30. Rb7 Qd8 31. Qe7 1-0

[Event "Challenge"]
[Site "http://www.queenalice.com/game.php?id=866571"]
[Date "2010.12.2"]
[Round "-"]
[White "tiagotrevo"]
[Black "student"]
[Result "0-1"]
[WhiteElo "1326"]
[BlackElo "1847"]

1. e4 e5 2. Bc4 Nf6 3. Nf3 Bd6 4. a4 Nxe4 5. d3 Nf6 6. Bg5 O-O 7. Bxf6 Qxf6 8.
O-O Bc5 9. Re1 d6 10. c3 Bg4 11. b4 Bxf3 12. gxf3 d5 13. bxc5 dxc4 14. dxc4 Na6
15. Nd2 Rfd8 16. Qe2 Re8 17. Ne4 Qc6 18. a5 Nxc5 19. Nxc5 Qxc5 20. Rad1 Qxa5 21.
Rd5 Qxc3 22. Rxe5 Rxe5 23. Qxe5 Qxe5 24. Rxe5 Kf8 25. c5 Rd8 0-1

[Event "bubu"]
[Site "http://www.queenalice.com/game.php?id=868375"]
[Date "2010.12.6"]
[Round "-"]
[White "student"]
[Black "bubu52"]
[Result "1-0"]
[WhiteElo "1807"]
[BlackElo "1785"]

1. e4 e5 2. d4 exd4 3. Qxd4 d6 4. Nf3 Nc6 5. Bb5 Bd7 6. Bxc6 Bxc6 7. O-O h6 8.
Nc3 Nf6 9. Bf4 Be7 10. Rad1 O-O 11. Nd5 Bb5 12. c4 Bd7 13. Nxe7+ Qxe7 14. e5 Ne8
15. Rfe1 Bc6 16. exd6 Qd7 17. dxc7 Qxd4 18. Rxd4 Bxf3 19. gxf3 Rc8 20. Rd7 Nf6
21. Rde7 Rfe8 22. Rxe8+ Nxe8 23. Re7 f6 24. Rd7 g5 25. Bg3 f5 26. Rd8 Rxc7 27.
Bxc7 Kf7 28. Bb8 1-0

[Event "Challenge"]
[Site "http://www.queenalice.com/game.php?id=873068"]
[Date "2010.12.17"]
[Round "-"]
[White "student"]
[Black "Vladimir"]
[Result "0-1"]
[WhiteElo "1831"]
[BlackElo "1814"]

1. e4 e5 2. d4 exd4 3. Qxd4 Nc6 4. Qd1 Nf6 5. Bd3 Bc5 6. Nf3 O-O 7. Bg5 Re8 8.
O-O d6 9. Nc3 Bg4 10. h3 Bh5 11. a3 a5 12. Nd5 Bd4 13. g4 Bxg4 14. hxg4 Be5 15.
Nxe5 Nxe5 16. Bxf6 gxf6 17. f4 c6 18. Ne3 Ng6 19. Qf3 Kh8 20. Nf5 Rg8 21. Nh6
Rg7 22. Bc4 d5 23. exd5 Qb6+ 24. Kh1 Nh4 25. Qh3 Qd4 26. Qxh4 Qxc4 27. Qxf6
Qxd5+ 28. Kh2 Re8 29. Rad1 Re2+ 30. Kg3 Qg2+ 0-1

[Event "Challenge"]
[Site "http://www.queenalice.com/game.php?id=878426"]
[Date "2010.12.29"]
[Round "-"]
[White "student"]
[Black "equus"]
[Result "1-0"]
[WhiteElo "1808"]
[BlackElo "1778"]

1. e4 c5 2. Nf3 d6 3. d4 Nf6 4. Bd3 cxd4 5. Nxd4 Nc6 6. Nb3 a6 7. O-O g6 8. Be3
Bg7 9. N1d2 O-O 10. Nc4 Nd7 11. c3 b5 12. Ncd2 Nce5 13. Qc2 e6 14. Nd4 Nc5 15.
Be2 Bb7 16. f3 Ned7 17. N4b3 Re8 18. Nxc5 dxc5 19. c4 b4 20. Nb3 Qc7 21. Rfd1
Red8 22. Bf1 Bf8 23. Qf2 Nf6 24. Bxc5 Bxc5 25. Qxc5 Qxc5+ 26. Nxc5 Bc6 27. Rxd8+
1-0

[Event "Challenge"]
[Site "http://www.queenalice.com/game.php?id=878427"]
[Date "2010.12.29"]
[Round "-"]
[White "equus"]
[Black "student"]
[Result "1-0"]
[WhiteElo "1761"]
[BlackElo "1827"]

1. d4 d5 2. c4 e6 3. Nf3 dxc4 4. e4 b5 5. a4 c6 6. axb5 cxb5 7. b3 Ba6 8. bxc4
bxc4 9. Bxc4 Bxc4 10. Qa4+ Qd7 11. Qxc4 Qc6 12. Qa4 Nf6 13. Nc3 Be7 14. Qxc6+
Nxc6 15. e5 Nd5 16. Nxd5 exd5 17. Ke2 O-O 18. Ba3 a5 19. Bxe7 Nxe7 20. Rhc1 Rfb8
21. Kd2 Rb2+ 22. Rc2 Rb4 23. Kc1 a4 24. Rb1 Rc4 25. Rxc4 dxc4 26. Kc2 a3 27. Ra1
Nd5 28. Nd2 Ra4 29. Rb1 h6 30. Nf3 Nf4 31. g3 Nd3 32. d5 Kf8 33. d6 Ke8 34. Rb8+
Kd7 35. Rb7+ Ke8 36. Nd4 a2 37. Rb8+ Kd7 38. Rb7+ Kc8 39. Rc7+ 1-0

[Event "bubu"]
[Site "http://www.queenalice.com/game.php?id=900764"]
[Date "2011.2.15"]
[Round "-"]
[White "bubu52"]
[Black "student"]
[Result "0-1"]
[WhiteElo "1814"]
[BlackElo "1849"]

1. e4 e5 2. d4 exd4 3. Bc4 Nc6 4. Nf3 d6 5. Nxd4 Nxd4 6. Qxd4 Qf6 7. Qe3 Be6 8.
Bxe6 Qxe6 9. O-O Be7 10. f4 Nf6 11. Nc3 O-O 12. f5 Qd7 13. Qg3 Kh8 14. Bf4 Nh5
15. Qf3 Nxf4 16. Qxf4 Bf6 17. Nd5 Be5 18. Qh4 c6 19. Ne3 Bf6 20. Qh3 Rae8 21.
Qf3 Qe7 22. Ng4 Bd4+ 23. Kh1 Qxe4 24. Qh3 Bxb2 25. Rab1 Bd4 26. c3 Bxc3 27. Nf2
Qe5 28. Nd1 Bd4 29. Nf2 Bxf2 30. Rxf2 b5 31. Qh4 Qe1+ 0-1

[Event "bubu"]
[Site "http://www.queenalice.com/game.php?id=900765"]
[Date "2011.2.15"]
[Round "-"]
[White "bubu52"]
[Black "student"]
[Result "0-1"]
[WhiteElo "1814"]
[BlackElo "1832"]

1. e4 e5 2. d4 exd4 3. Bc4 Nc6 4. Nf3 Bc5 5. c3 Qf6 6. Bg5 Qd6 7. O-O Nge7 8.
Bxe7 Qxe7 9. e5 dxc3 10. Nxc3 O-O 11. Re1 Na5 12. Bd3 d6 13. exd6 Qxd6 14. Qc2
g6 15. Ne4 Bxf2+ 16. Nxf2 Nc6 17. Rad1 Qf6 18. Ne4 Qg7 19. Nfg5 Bf5 20. Ng3 Nb4
21. Nxf5 gxf5 22. Qc1 Qd4+ 23. Kh1 Nxd3 24. Re3 Nf2+ 0-1

[Event "Challenge"]
[Site "http://www.queenalice.com/game.php?id=901834"]
[Date "2011.2.17"]
[Round "-"]
[White "Xmen"]
[Black "student"]
[Result "0-1"]
[WhiteElo "1786"]
[BlackElo "1804"]

1. e4 e5 2. Nf3 d6 3. d4 exd4 4. Qxd4 Nc6 5. Qa4 Bd7 6. Bb5 a6 7. Bxc6 Bxc6 8.
Qd4 Nf6 9. Nc3 Be7 10. O-O O-O 11. Re1 Nd7 12. Nd5 Bf6 13. Nxf6+ Nxf6 14. Bg5
Re8 15. Nd2 h6 16. Bh4 Qe7 17. f3 Qe6 18. Bxf6 Qxf6 19. Qxf6 gxf6 20. Nc4 Bb5
21. b3 Bxc4 22. bxc4 Re5 23. Red1 Ra5 24. Rd5 Ra3 25. c5 dxc5 26. Rxc5 c6 27.
Kf2 Rd8 28. Ke2 Rd4 29. Rb1 b5 30. Rxc6 Rxa2 31. Ke3 Rc4 32. Rxc4 bxc4 33. Rc1
a5 34. Kd4 Ra4 35. Kc5 Rb4 36. f4 c3 37. Re1 Rb2 38. Re2 Rb4 39. g4 Kg7 40. h4
Kg6 41. Re1 h5 42. f5+ Kh6 43. Kd6 hxg4 44. Ke7 Rb7+ 45. Kxf6 Kh5 46. e5 g3 47.
e6 fxe6 48. fxe6 Rb6 49. Kf7 Kxh4 50. Rh1+ Kg4 51. e7 Rb7 52. Ra1 g2 53. Ke6 Rb8
54. Rb1 Rxb1 55. e8=Q g1=Q 56. Qg6+ Kh3 57. Qh5+ Kg2 58. Qd5+ Kf1 59. Qf3+ Ke1
60. Qxc3+ Kd1 61. Qd3+ Kc1 62. Qa3+ Kxc2 63. Qa4+ Kd3 64. Qa3+ Ke4 65. Qa4+ Qd4
66. Qc2+ Qd3 67. Qa4+ Ke3 68. Qa2 Rb6+ 69. Ke5 Qe4# 0-1

[Event "Challenge"]
[Site "http://www.queenalice.com/game.php?id=905070"]
[Date "2011.2.24"]
[Round "-"]
[White "Xmen"]
[Black "student"]
[Result "0-1"]
[WhiteElo "1774"]
[BlackElo "1822"]

1. e4 e5 2. Nf3 d6 3. d4 exd4 4. Nxd4 Nf6 5. Bd3 Be7 6. Nc3 O-O 7. Qe2 c5 8. Nf5
Bxf5 9. exf5 d5 10. Nb1 c4 11. Bxc4 dxc4 12. Qxc4 Qd7 13. Qb3 Rd8 14. Qf3 Bb4+
15. c3 Re8+ 16. Be3 Bc5 17. O-O Bxe3 18. fxe3 Nc6 19. Rd1 Qe7 20. Re1 Qc5 21. b4
Qe5 22. e4 a5 23. Nd2 axb4 24. cxb4 Nxb4 25. Qb3 Na6 26. Nc4 Qd4+ 27. Kh1 Rxe4
28. Qxb7 Rae8 29. Rxe4 Qxa1+ 0-1

[Event "Challenge"]
[Site "http://www.queenalice.com/game.php?id=905074"]
[Date "2011.2.24"]
[Round "-"]
[White "student"]
[Black "Xmen"]
[Result "0-1"]
[WhiteElo "1838"]
[BlackElo "1767"]

1. e4 d5 2. exd5 Qxd5 3. Nc3 Qa5 4. d3 e5 5. Bd2 Bb4 6. Nf3 Nc6 7. a3 Bxc3 8.
Bxc3 Qd5 9. Qe2 Bg4 10. h3 Bxf3 11. gxf3 O-O-O 12. O-O-O Nd4 13. Bxd4 exd4 14.
h4 Nf6 15. Bg2 Rhe8 16. Qf1 Re7 17. Re1 Rde8 18. Rxe7 Rxe7 19. Qd1 Qa2 20. Re1
Qa1+ 21. Kd2 Qxd1+ 22. Rxd1 Nh5 23. Bh3+ Kb8 24. Bg4 Nf4 25. Re1 Rxe1 26. Kxe1
c5 27. h5 Kc7 28. Kf1 Kd6 29. Kg1 Ke5 30. Kh2 f5 31. Bh3 Nxh3 32. Kxh3 Kf4 33.
Kg2 Kg5 34. Kg3 f4+ 35. Kh2 Kxh5 36. Kh3 Kg5 37. Kh2 Kh4 38. Kg2 h5 39. Kh2 g5
0-1

[Event "Challenge"]
[Site "http://www.queenalice.com/game.php?id=911465"]
[Date "2011.3.11"]
[Round "-"]
[White "Xmen"]
[Black "student"]
[Result "0-1"]
[WhiteElo "1766"]
[BlackElo "1817"]

1. f4 d5 2. Nf3 e6 3. d4 Bd6 4. Nc3 Nc6 5. e4 dxe4 6. Nxe4 Nf6 7. Nxf6+ Qxf6 8.
Ne5 O-O 9. Be3 a5 10. a3 Na7 11. Bd3 b6 12. Qh5 g6 13. Ng4 Qg7 14. Qh6 Bb7 15.
Qxg7+ Kxg7 16. Rg1 Rad8 17. Bd2 Nc6 18. c3 Ne7 19. O-O-O c5 20. f5 Nxf5 21. Bxf5
exf5 22. Bh6+ Kh8 23. Nf6 Be7 24. Bxf8 Bxf6 25. Bh6 cxd4 26. Bf4 d3 27. Kb1 b5
28. g4 Bf3 29. Rd2 Bxg4 30. Re1 Be2 31. Bh6 Ra8 32. Bf4 g5 33. Be3 f4 34. Bd4
Bxd4 35. cxd4 Kg7 36. Rg1 h6 37. h4 f6 38. hxg5 fxg5 39. Rh1 Kg6 40. Rh2 f3 41.
b3 Rc8 42. b4 a4 43. Kb2 g4 44. Rf2 Rc2+ 45. Rxc2 dxc2 46. Kxc2 g3 0-1

[Event "Challenge"]
[Site "http://www.queenalice.com/game.php?id=914908"]
[Date "2011.3.20"]
[Round "-"]
[White "student"]
[Black "plot24"]
[Result "0-1"]
[WhiteElo "1864"]
[BlackElo "1829"]

1. e4 e5 2. Nf3 Nc6 3. d4 exd4 4. Nxd4 Qh4 5. Qd3 Nf6 6. Nxc6 bxc6 7. Nd2 Qg5 8.
g3 Bc5 9. Bg2 Bb6 10. O-O O-O 11. Nc4 Qc5 12. Be3 Qe7 13. Nxb6 axb6 14. Rfe1 Bb7
15. Bd4 d6 16. b4 Nd7 17. c4 Rfe8 18. Bc3 Ne5 19. Bxe5 Qxe5 20. a3 c5 21. b5 Ra4
22. f3 Qd4+ 23. Qxd4 cxd4 24. Bf1 c5 25. Be2 Rea8 26. Bd3 f6 27. Red1 Rxa3 28.
Rxa3 Rxa3 29. Rd2 f5 30. Kf2 fxe4 31. fxe4 h5 32. Kf3 g5 33. h4 gxh4 34. gxh4
Kg7 35. Kf4 Kf6 36. Kg3 Ke5 37. Kh2 Kf4 38. Be2 Ke3 39. Rb2 Bxe4 40. Bxh5 d3 41.
Bd1 Ra1 42. Bg4 d2 43. h5 d1=Q 44. Bxd1 Rxd1 45. Kg3 Kd4 46. Kf4 Rf1+ 47. Kg5
Kxc4 48. h6 d5 49. Rh2 Rb1 50. Rh4 Kxb5 51. h7 Bxh7 52. Rxh7 Kc4 0-1